MARC details
| 000 -CABECERA |
| campo de control de longitud fija |
01923nam a2200229 a 4500 |
| 001 - NÚMERO DE CONTROL |
| campo de control |
000013300 |
| 003 - IDENTIFICADOR DEL NÚMERO DE CONTROL |
| campo de control |
OSt |
| 005 - FECHA Y HORA DE LA ÚLTIMA TRANSACCIÓN |
| campo de control |
20201110132455.0 |
| 008 - DATOS DE LONGITUD FIJA--INFORMACIÓN GENERAL |
| campo de control de longitud fija |
081117s1988 dr ac 000 0 spa d |
| 040 ## - FUENTE DE LA CATALOGACIÓN |
| Centro catalogador/agencia de origen |
DO-SdBNP |
| Lengua de catalogación |
spa |
| Centro/agencia transcriptor |
BNPHU |
| 100 1# - ENTRADA PRINCIPAL--NOMBRE DE PERSONA |
| Nombre de persona |
Sánchez de Luciano, Daysi |
| 9 (RLIN) |
1249 |
| 245 10 - MENCIÓN DE TÍTULO |
| Título |
Matemática : |
| Resto del título |
educación primaria / |
| Mención de responsabilidad, etc. |
Daysi Sánchez de Luciano ; ilustraciones Benny Juscelino Ureña. |
| 250 ## - MENCIÓN DE EDICIÓN |
| Mención de edición |
3a. ed. |
| 260 ## - PUBLICACIÓN, DISTRIBUCIÓN, ETC. |
| Lugar de publicación, distribución, etc. |
Santo Domingo, : |
| Nombre del editor, distribuidor, etc. |
Disesa, |
| Fecha de publicación, distribución, etc. |
1988. |
| 300 ## - DESCRIPCIÓN FÍSICA |
| Extensión |
v. : |
| Otras características físicas |
il., retrs. ; |
| Dimensiones |
27 cm. |
| 500 ## - NOTA GENERAL |
| Nota general |
Educación primaria. |
| 500 ## - NOTA GENERAL |
| Nota general |
La biblioteca solamente posee el volumen 7. |
| 500 ## - NOTA GENERAL |
| Nota general |
Estej libro ha sido aprobado por la Secretaría de Estado de Educación, Bellas Artes y Cultos, mediante oficio No. 7755 de fecha 3 de julio de 1987; para ser usado como texto básico en 7mo. curso de la educación primaria. |
| 505 0# - NOTA DE CONTENIDO CON FORMATO |
| Nota de contenido con formato |
v. 7 : |
| Información miscelánea |
tema 1 -- |
| Título |
Introducción a la lógica matemática -- |
| Información miscelánea |
tema 2 -- |
| Título |
Los conjuntos -- |
| Información miscelánea |
tema 3 -- |
| Título |
Operaciones entre conjuntos -- |
| Información miscelánea |
tema 4 -- |
| Título |
Relaciones y funciones -- |
| Información miscelánea |
tema 5 -- |
| Título |
Adición y multiplicación en el conjunto de los números naturales -- |
| Información miscelánea |
tema 6 -- |
| Título |
La sustración y la división en el conjunto de los números naturales -- |
| Información miscelánea |
tema 7 -- |
| Título |
Propiedades de monotnonía y cancelación de la igualdad y la desigualdad -- |
| Información miscelánea |
tema 8 -- |
| Título |
Potenciación en el conjunto de números naturales -- |
| Información miscelánea |
tema 9 -- |
| Título |
Raíz cuadrada de números naturales -- |
| Información miscelánea |
tema 10 -- |
| Título |
El conjunto de los números fraccionarios positivos -- |
| Información miscelánea |
tema 11 -- |
| Título |
Operaciones con números fraccionarios positivos. Resolución de problemas -- |
| Información miscelánea |
tema 12 -- |
| Título |
Números decimales -- |
| Información miscelánea |
tema 13 -- |
| Título |
Proporción. Interés. Descuento -- |
| Información miscelánea |
tema 14 -- |
| Título |
Conceptos geométricos básicos -- |
| Información miscelánea |
tema 15 -- |
| Título |
Construcciones geométricas -- |
| Información miscelánea |
tema 16 -- |
| Título |
Sistema de medidas. Comparación -- |
| Información miscelánea |
tema 17 -- |
| Título |
Prismas y pirámides, sus áreas y volúmenes -- |
| 700 1# - PUNTO DE ACCESO ADICIONAL--NOMBRE DE PERSONA |
| Nombre de persona |
Juscelino Ureña, Benny |
| Término indicativo de función/relación |
il. |
| 9 (RLIN) |
30500 |
| 942 ## - ELEMENTOS DE PUNTO DE ACCESO ADICIONAL (KOHA) |
| Fuente del sistema de clasificación o colocación |
Dewey Decimal Classification |
| Tipo de ítem Koha |
Libro |